Bunge, Alejandro W., Las Claves del Código. El Libro I del Código de Derecho Canónico, Buenos Aires 2006: [Rezension]

Saved in:  
Bibliographic Details
Main Author: Gonzalez, Javier (Author)
Format: Print Review
Language:English
Check availability: HBZ Gateway
Interlibrary Loan:Interlibrary Loan for the Fachinformationsdienste (Specialized Information Services in Germany)
Published: 2008
In: Philippine canonical forum
Year: 2008, Volume: 10, Pages: 410-412
IxTheo Classification:SB Catholic Church law
Further subjects:B Book review
B Allgemeine Normen
B Textbook
B Codex

MARC

LEADER 00000caa a22000002c 4500
001 1763481018
003 DE-627
005 20250513134432.0
007 tu
008 210719s2008 xx ||||| o 00| ||eng c
035 |a (DE-627)1763481018 
035 |a (DE-599)KXP1763481018 
040 |a DE-627  |b ger  |c DE-627  |e rda 
041 |a eng 
084 |a 1  |2 ssgn 
100 1 |a Gonzalez, Javier  |e VerfasserIn  |4 aut 
245 1 0 |a Bunge, Alejandro W., Las Claves del Código. El Libro I del Código de Derecho Canónico, Buenos Aires 2006  |b [Rezension] 
264 1 |c 2008 
336 |a Text  |b txt  |2 rdacontent 
337 |a ohne Hilfsmittel zu benutzen  |b n  |2 rdamedia 
338 |a Band  |b nc  |2 rdacarrier 
650 0 7 |0 (DE-588)4148186-0  |0 (DE-627)104544139  |0 (DE-576)209762535  |a Codex  |2 gnd 
650 0 7 |0 (DE-588)4123623-3  |0 (DE-627)104270187  |0 (DE-576)209561262  |a Lehrbuch  |2 gnd 
650 4 |a Allgemeine Normen  |7 (dpeaa)DE-Tue135-3 
652 |a SB 
655 7 |a Rezension  |0 (DE-588)4049712-4  |0 (DE-627)106186019  |0 (DE-576)209083166  |2 gnd-content 
773 0 8 |i Enthalten in  |t Philippine canonical forum  |d Manila : CLSP, 1999  |g 10(2008), Seite 410-412  |h Online-Ressource  |w (DE-627)63476070X  |w (DE-600)2572022-3  |w (DE-576)339263954  |7 nnas 
773 1 8 |g volume:10  |g year:2008  |g pages:410-412 
935 |a DAKR 
951 |a AR 
CAN |a 1 
ELC |b 1 
LOK |0 000 xxxxxcx a22 zn 4500 
LOK |0 001 3955740862 
LOK |0 003 DE-627 
LOK |0 004 1763481018 
LOK |0 005 20210719142520 
LOK |0 008 210719||||||||||||||||ger||||||| 
LOK |0 035   |a (DE-Tue135-3)DAKAR1_32970 
LOK |0 040   |a DE-Tue135-3  |c DE-627  |d DE-Tue135-3 
LOK |0 092   |o n 
LOK |0 852   |a DE-Tue135-3 
LOK |0 852 1  |c MS KR-R-52  |9 00 
LOK |0 935   |a msmi 
LOK |0 936ln  |0 1442053313  |a SB 
LOK |0 939   |a 19-07-21  |b l01 
ORI |a SA-MARC-ixtheoa001.raw 
STA 0 0 |a Codex,Codex,Textbook 
STB 0 0 |a Codex,Codex,Manuel 
STC 0 0 |a Códice,Códice,Manual 
STD 0 0 |a Codice,Codice,Manuale didattico 
STE 0 0 |a 教科书,法典 
STF 0 0 |a 教科書,法典 
STG 0 0 |a Códice,Códice,Manual 
STH 0 0 |a Кодекс (мотив),Кодекс,Учебник 
STI 0 0 |a Εγχειρίδιο διδασκαλίας,Κωδικός (μοτίβο),Κωδικός 
SUB |a CAN 
SYE 0 0 |a Sogenanntes Chorbuch des Magisters Nikolaus Leopold aus Innsbruck , Kodex,Codices,Codizes , Kompendium